| 000 | 01495nam a2200421Ii 4500 | ||
|---|---|---|---|
| 001 | DIGSEXPIS0108 | ||
| 003 | NyNyDIG | ||
| 006 | m o d | ||
| 007 | cr ||||||||||| | ||
| 008 | 230803s2019 sp a o 000 0 spa d | ||
| 035 | _a(OCoLC)1393996807 | ||
| 040 |
_aDGITA _beng _erda _epn _cDGITA |
||
| 020 |
_a9788417517380 _qeBook |
||
| 020 | _z9788417517311 | ||
| 050 | 1 | 4 | _aHQ1155 ebook |
| 245 | 0 | 0 |
_aTsunami : _bmiradas feministas / _cedición y prólogo de Marta Sanz ; Pilar Adón [and 9 others]. |
| 264 | 1 |
_aMadrid, España : _bSexto Piso, _c2019. |
|
| 300 |
_a1 online resource : _billustrations. |
||
| 336 |
_atext _btxt _2rdacontent |
||
| 337 |
_acomputer _bc _2rdamedia |
||
| 338 |
_aonline resource _bcr _2rdacarrier |
||
| 347 |
_atext file _2rdaft |
||
| 347 | _bEPUB | ||
| 490 | 1 | _aSexto Piso realidades | |
| 500 | _aSubtitle taken from cover. | ||
| 588 | 0 | _aOnline resource; title from ePub title page (Digitalia, viewed August 3, 2023) | |
| 650 | 0 | _aFeminism. | |
| 650 | 0 | _aFeminists. | |
| 700 | 1 |
_aSanz, Marta, _d1967- _eeditor. |
|
| 700 | 1 |
_aAdón, Pilar, _d1971- _eauthor. |
|
| 791 | 2 |
_aDigitalia (Firm), _edistributor. |
|
| 793 | 0 |
_gDigitalia eBook Collection: _aEditorial Sexto Piso |
|
| 776 | 0 | 8 |
_iPrint version: _tTsunami. _dMadrid, España : Sexto Piso, [2019] _z9788417517311 |
| 830 | 0 | _aSexto Piso realidades. | |
| 856 | 4 | 0 |
_3Digitalia Hispánica _uhttps://www.digitaliapublishing.com/a/81331/ |
| 910 | _aPremium collection: 2023 | ||
| 942 | _cRAA | ||
| 999 |
_c265265 _d265265 |
||